[Event "SVK-chT4 A22 1314"]
[Site "Slovakia"]
[Date "2014.01.26"]
[Round "7.3"]
[White "Niznansky, Lukas"]
[Black "Gogora, Kristian"]
[Result "1-0"]
[WhiteElo "1684"]
[BlackElo "1218"]
[PlyCount "60"]
[EventDate "2013.10.06"]
[EventType "team-tourn"]
[EventRounds "11"]
[EventCountry "SVK"]
[SourceTitle "EXT 2015"]
[Source "ChessBase"]
[SourceDate "2014.11.20"]
[SourceVersion "1"]
[SourceVersionDate "2014.11.20"]
[SourceQuality "1"]
[WhiteTeam "Hlohovec II"]
[BlackTeam "Dunajska Streda SK III"]
[WhiteTeamCountry "SVK"]
[BlackTeamCountry "SVK"]

1. e4 c5 2. Nf3 e6 3. d4 cxd4 4. Nxd4 Nf6 5. Nc3 Bb4 6. Bd3 Nc6 7. Nxc6 bxc6 8. Bg5 Qa5 9. Bd2 Qb6 10. Qf3 Qd4 11. a3 Ba5 12. 0-0 Qe5 13. Rad1 Bc7 14. Qh3 Qh5 15. Qxh5 Nxh5 16. Rfe1 g6 17. e5 0-0 18. Na4 f6 19. exf6 Rxf6 20. Bc3 Rf4 21. Re4 Rxe4 22. Bxe4 Kf7 23. Nc5 d5 24. Bf3 Nf6 25. Re1 h5 26. h3 Bb6 27. Nd3 Ba6 28. Ne5+ Kg7 29. Nxc6 Rc8 30. Rxe6 Kf7 1-0

[Event "SVK-chT3A2 1213"]
[Site "Slovakia"]
[Date "2012.12.09"]
[Round "5.4"]
[White "Niznansky, Lukas"]
[Black "Gubis, Vladimir"]
[Result "1/2-1/2"]
[WhiteElo "1674"]
[BlackElo "1834"]
[PlyCount "136"]
[EventDate "2012.10.07"]
[EventType "team-tourn"]
[EventRounds "11"]
[EventCountry "SVK"]
[SourceTitle "EXT 2015"]
[Source "ChessBase"]
[SourceDate "2014.11.20"]
[SourceVersion "1"]
[SourceVersionDate "2014.11.20"]
[SourceQuality "1"]
[WhiteTeam "Hlohovec SK Zentiva"]
[BlackTeam "Piestany Kupele II"]
[WhiteTeamCountry "SVK"]
[BlackTeamCountry "SVK"]

1. e4 c5 2. Nf3 d6 3. d4 cxd4 4. Nxd4 Nf6 5. Nc3 a6 6. a4 b6 7. Bc4 Qc7 8. Be2 Nbd7 9. 0-0 Bb7 10. f3 g6 11. Be3 Ne5 12. Rc1 Bg7 13. Nb3 0-0 14. Qd4 Ned7 15. Qd2 Rfe8 16. Kh1 Rad8 17. Rfd1 Nc5 18. Nxc5 dxc5 19. Qe1 e6 20. Qf1 Qc8 21. Bg5 h6 22. Bf4 Nh5 23. Be3 Nf6 24. Qe1 e5 25. Bc4 Rd4 26. Be2 Rxd1 27. Rxd1 Rd8 28. Qh4 Rxd1+ 29. Nxd1 g5 30. Qe1 Qd7 31. Nc3 Ne8 32. Bc4 Nc7 33. Qd2 Qxd2 34. Bxd2 Bc6 35. b3 b5 36. axb5 axb5 37. Bd3 Bf8 38. Ne2 Bd7 39. Ba5 Ne6 40. Nc3 Nd4 41. Nd5 Kg7 42. Bc7 f6 43. Bd8 f5 44. Bf6+ Kf7 45. Bxe5 fxe4 46. Bxe4 Bf5 47. Bxf5 Nxf5 48. Nc3 b4 49. Ne4 Ke6 50. Bf6 Ne3 51. c4 bxc3 52. Bxc3 Nd5 53. Bb2 Kd7 54. Kg1 Kc6 55. Kf2 Nf4 56. Bc3 Kb5 57. g3 Nd3+ 58. Ke3 Nc1 59. Nd2 Nxb3 60. Nxb3 Kc4 61. Nxc5 Bxc5+ 62. Kd2 h5 63. h4 gxh4 64. gxh4 Kd5 65. Bf6 Ke6 66. Bg5 Kf5 67. Kd3 Bf2 68. Ke2 Bc5 1/2-1/2

[Event "SVK-chT3A2 1213"]
[Site "Slovakia"]
[Date "2012.10.21"]
[Round "2.5"]
[White "Lezovic, Maros"]
[Black "Niznansky, Lukas"]
[Result "1-0"]
[WhiteElo "1762"]
[BlackElo "1674"]
[PlyCount "67"]
[EventDate "2012.10.07"]
[EventType "team-tourn"]
[EventRounds "11"]
[EventCountry "SVK"]
[SourceTitle "EXT 2015"]
[Source "ChessBase"]
[SourceDate "2014.11.20"]
[SourceVersion "1"]
[SourceVersionDate "2014.11.20"]
[SourceQuality "1"]
[WhiteTeam "Trnava Modranka"]
[BlackTeam "Hlohovec SK Zentiva"]
[WhiteTeamCountry "SVK"]
[BlackTeamCountry "SVK"]

1. e4 e5 2. Nf3 Nc6 3. Bc4 Bc5 4. c3 Nf6 5. b4 Be7 6. d4 exd4 7. e5 Ng4 8. Nxd4 Ngxe5 9. Nxc6 Nxc6 10. Qd5 0-0 11. f4 d6 12. f5 Ne5 13. Bd3 Nxd3+ 14. Qxd3 Bh4+ 15. Kd1 Bd7 16. Nd2 Bg5 17. h4 Ba4+ 18. Nb3 Bxc1 19. Kxc1 Bc6 20. Rh2 Re8 21. g4 Re4 22. b5 Re1+ 23. Kb2 Rxa1 24. Kxa1 Bd7 25. g5 Qe8 26. Re2 Qf8 27. f6 g6 28. Re7 Rd8 29. Qc4 c6 30. bxc6 Bxc6 31. Nd4 Re8 32. Ne6 d5 33. Qf4 fxe6 34. f7+ 1-0

[Event "Piestany op"]
[Site "Piestany"]
[Date "2009.07.29"]
[Round "5"]
[White "Niznansky, Lukas"]
[Black "Sturc, Gustav"]
[Result "0-1"]
[WhiteElo "1489"]
[BlackElo "2084"]
[PlyCount "48"]
[EventDate "2009.07.26"]
[EventType "swiss"]
[EventRounds "7"]
[EventCountry "SVK"]
[SourceTitle "EXT 2010"]
[Source "ChessBase"]
[SourceDate "2010.11.25"]
[SourceVersion "1"]
[SourceVersionDate "2010.11.25"]
[SourceQuality "1"]

1. e4 e5 2. Nf3 Nc6 3. Bb5 a6 4. Ba4 d6 5. h3 f5 6. d3 Nf6 7. Nc3 Be7 8. 0-0 0-0 9. Ng5 Kh8 10. Bb3 Qe8 11. Be3 f4 12. Bd2 Nd4 13. Ne2 Nxb3 14. axb3 Qh5 15. Nf3 g5 16. Nc3 g4 17. Nh2 gxh3 18. Qxh5 Nxh5 19. Nd5 Bd8 20. Rfe1 c6 21. Nc3 Rg8 22. Re2 Rxg2+ 23. Kh1 Bb6 24. Rg1 Ng3+ 0-1

[Event "Piestany op"]
[Site "Piestany"]
[Date "2009.07.26"]
[Round "1"]
[White "Niznansky, Lukas"]
[Black "Gombar, Peter"]
[Result "0-1"]
[WhiteElo "1489"]
[BlackElo "2043"]
[PlyCount "46"]
[EventDate "2009.07.26"]
[EventType "swiss"]
[EventRounds "7"]
[EventCountry "SVK"]
[SourceTitle "EXT 2010"]
[Source "ChessBase"]
[SourceDate "2010.11.25"]
[SourceVersion "1"]
[SourceVersionDate "2010.11.25"]
[SourceQuality "1"]

1. e4 e5 2. Nf3 Nc6 3. Bb5 a6 4. Ba4 Nf6 5. 0-0 Be7 6. Re1 b5 7. Bb3 0-0 8. c3 d6 9. d4 Bg4 10. d5 Na5 11. Bc2 c5 12. Bg5 Nxd5 13. Bxe7 Nxe7 14. Nbd2 Ng6 15. h3 Be6 16. Qe2 Nf4 17. Qe3 Qf6 18. Nh2 Nc4 19. Nxc4 Bxc4 20. b3 Be6 21. Rad1 Rad8 22. Rd2 Qg5 23. Qg3 Nxh3+ 0-1

[Event "SVK-chT3A2 0809"]
[Site "Slovakia"]
[Date "2008.12.14"]
[Round "4.8"]
[White "Mackovic, Matus"]
[Black "Niznansky, Lukas"]
[Result "1-0"]
[WhiteElo "1678"]
[BlackElo "1479"]
[PlyCount "67"]
[EventDate "2008.10.19"]
[EventType "team-tourn"]
[EventRounds "11"]
[EventCountry "SVK"]
[SourceTitle "EXT 2010"]
[Source "ChessBase"]
[SourceDate "2010.11.25"]
[SourceVersion "1"]
[SourceVersionDate "2010.11.25"]
[SourceQuality "1"]
[WhiteTeam "Trnava Modranka"]
[BlackTeam "Hlohovec SK Zentiva III"]
[WhiteTeamCountry "SVK"]
[BlackTeamCountry "SVK"]

1. e4 e5 2. Nf3 Nc6 3. Bb5 a6 4. Ba4 Nf6 5. 0-0 Bc5 6. d3 b5 7. Bb3 0-0 8. c3 d6 9. h3 Bd7 10. Re1 Re8 11. Nbd2 Na5 12. Bc2 c6 13. b4 Bxb4 14. cxb4 Nb7 15. Nf1 h6 16. Be3 d5 17. exd5 cxd5 18. d4 e4 19. N3d2 Qe7 20. a3 Rac8 21. Nb3 Rc7 22. Nc5 Nxc5 23. dxc5 Bc6 24. Bb3 Rd8 25. Bf4 Rcc8 26. Bd6 Qd7 27. Ne3 Qe6 28. Qd4 Rd7 29. Rad1 Rcd8 30. Nxd5 Ne8 31. Rxe4 Qf5 32. Ne7+ Rxe7 33. Rxe7 Rxd6 34. cxd6 1-0